SUR'S OCEAN: (Record no. 96259)

MARC details
000 -LEADER
fixed length control field 01362nam a22003137a 4500
005 - DATE AND TIME OF LATEST TRANSACTION
control field 20170721094111.0
010 ## - LCCN (DPL NO)
LC control number 1516EN07 ENG-114791
020 ## - INTERNATIONAL STANDARD BOOK NUMBER
Terms of availability 495.00
International Standard Book Number 9780674427839
035 ## - SYSTEM CONTROL NUMBER
System control number EN-98323
035 ## - SYSTEM CONTROL NUMBER
System control number B-604376-383
035 ## - SYSTEM CONTROL NUMBER
System control number B-667419
037 ## - SOURCE OF ACQUISITION
Source of stock number/acquisition Aakar/ven
Stock number DPL
037 ## - SOURCE OF ACQUISITION
Source of stock number/acquisition DBAD/PUB
082 ## - DEWEY DECIMAL CLASSIFICATION NUMBER
Classification number 821
100 ## - MAIN ENTRY--PERSONAL NAME
Personal name Surdas
245 ## - TITLE STATEMENT
Title SUR'S OCEAN:
Statement of responsibility, etc by Surdas; edited by Kenneth E.Bryant ; translated by John Stratton Hawley
Remainder of title poems from the early tradition /
260 ## - PUBLICATION, DISTRIBUTION, ETC. (IMPRINT)
Place of publication, distribution, etc London
Name of publisher, distributor, etc Murty Classical Library of India
Date of publication, distribution, etc 2015
270 ## - ADDRESS
City London
Address Harverd Universitry Press, Cambridge,Massachusetts
300 ## - PHYSICAL DESCRIPTION
Extent xlviii,1010p.
Dimensions 21cm(pbk)
490 ## - SERIES STATEMENT
Series statement Murty Classical Library of India
500 ## - GENERAL NOTE
General note Includes bibliographical references (pages 997-1000) and index.
600 ## - SUBJECT ADDED ENTRY--PERSONAL NAME
Personal name Sūradāsa,
Dates associated with a name 1483?-1563?
General subdivision Translations into English.
600 ## - SUBJECT ADDED ENTRY--PERSONAL NAME
Personal name Krishna
Form subdivision Poetry.
700 ## - ADDED ENTRY--PERSONAL NAME
Personal name Bryant, Kenneth E.
700 ## - ADDED ENTRY--PERSONAL NAME
Personal name Hawley, John Stratton
942 ## - ADDED ENTRY ELEMENTS (KOHA)
Source of classification or shelving scheme Dewey Decimal Classification
Item type English Books
Call number suffix SUR
Classification part 821
Holdings
Withdrawn status Lost status Not for loan Collection code Home library Current library Date acquired Source of acquisition Cost, normal purchase price Full call number Barcode Copy number Cost, replacement price Koha item type
      Non-fiction Ashok Vihar Ashok Vihar 21/07/2017 BPPD/EN/2015-16/AV/16-17/386/15.2.2017/I-3330/1.3.2017/ 17.3.2017 495.00 821 SUR B-667419 1 495.00 English Books
      Non-fiction Bawana Bawana 28/07/2016 I-1239/30.9.2015/109/16.9.2015/15.10.2015 495.00 821 SUR B-604382 1 495.00 English Books
      Non-fiction Central Library Central Library 28/07/2016 I-1239/30.9.2015/109/16.9.2015/15.10.2015 495.00 821 SUR B-604376 1 495.00 English Books
    Not For Loan Reference Central Library Central Library 28/07/2016 I-1239/30.9.2015/109/16.9.2015/15.10.2015 495.00 821 SUR B-604377 1 495.00 English Books
    Not For Loan Non-fiction D.B.Act.Division D.B.Act.Division 25/01/2016 DBAD/PUB 495.00 821 SUR EN-98323 1 495.00 English Books
      Non-fiction Janak Puri Janak Puri 28/07/2016 I-1239/30.9.2015/109/16.9.2015/15.10.2015 495.00 821 SUR B-604380 1 495.00 English Books
      Non-fiction New Police Line New Police Line 28/07/2016 I-1239/30.9.2015/109/16.9.2015/15.10.2015 495.00 821 SUR B-604378 1 495.00 English Books
      Non-fiction Patel Nagar Patel Nagar 28/07/2016 I-1239/30.9.2015/109/16.9.2015/15.10.2015 495.00 821 SUR B-604379 1 495.00 English Books
      Non-fiction Sarojini Nagar Sarojini Nagar 28/07/2016 I-1239/30.9.2015/109/16.9.2015/15.10.2015 495.00 821 SUR B-604381 1 495.00 English Books
      Non-fiction Shahdara Branch Shahdara Branch 28/07/2016 I-1239/30.9.2015/109/16.9.2015/15.10.2015 495.00 821 SUR B-604383 1 495.00 English Books

© Delhi Public Library
Hit Counter
free hit counter